000 00393nam a22001337a 4500
020 _a0748725962
082 _a531
100 _aL.Bostock
245 _aMechanics for A-level
260 _aCheltenham
_bStanley thornes
_c1996
300 _a594p
942 _cBK
999 _c3307
_d3307